Klasifikácia zamestnaní sa aktualizovala
Národná klasifikácia zamestnaní SK ISCO-08 bola aktualizovaná Vyhláškou ŠÚ SR č. 384/2015 Z. z. a od 1.1.2016 nahradila predchádzajúcu verziu z roku 2011. Klasifikácia vychádza z Medzinárodnej štandardnej klasifikácie zamestnaní ISCO-08, ktorú vypracovala Medzinárodná organizácia práce.
Salvato in:
| Autore principale: | |
|---|---|
| Natura: | Capitolo di libro |
| Lingua: | slovacco |
| Soggetti: | |
| Tags: |
Nessun Tag, puoi essere il primo ad aggiungerne!!
|
MARC
| LEADER | 00000naa a2200000 4500 | ||
|---|---|---|---|
| 001 | 0214929 | ||
| 005 | 20231208114815.2 | ||
| 041 | 0 | |a slo | |
| 044 | |a SK | ||
| 245 | 1 | 0 | |a Klasifikácia zamestnaní sa aktualizovala |c Jozef Krabáč |
| 520 | |a Národná klasifikácia zamestnaní SK ISCO-08 bola aktualizovaná Vyhláškou ŠÚ SR č. 384/2015 Z. z. a od 1.1.2016 nahradila predchádzajúcu verziu z roku 2011. Klasifikácia vychádza z Medzinárodnej štandardnej klasifikácie zamestnaní ISCO-08, ktorú vypracovala Medzinárodná organizácia práce. | ||
| 610 | 2 | 0 | |a klasifikácia zamestnaní |
| 610 | 2 | 0 | |a sektory hospodárske |
| 610 | 2 | 0 | |a kvalifikácia |
| 610 | 2 | 0 | |a štandardy medzinárodné |
| 610 | 2 | 0 | |a trh práce |
| 610 | 2 | 0 | |a politika zamestnanosti |
| 100 | 1 | |a Krabáč, Jozef | |